| 000 | 00361nam a2200145Ia 4500 | ||
|---|---|---|---|
| 008 | 230917s9999||||xx |||||||||||||| ||und|| | ||
| 040 |
_e39221 _aMAIN |
||
| 041 | _aEnglish | ||
| 082 | _a954.5 G151B | ||
| 100 | _aGanda Singh | ||
| 245 | 4 | _aThe bibliography of the punjab | |
| 260 |
_aPatiala _bPunjabi University _c1966 |
||
| 300 | _axv, 245 p. | ||
| 942 | _cBK | ||
| 999 |
_c187017 _d187017 |
||